عرض عادي
عرض مارك
- الاعرجي، نبيل هاشم.
مدخل إسم شخص
001 - رقم الضبط
- حقل الضبط: 92848
003 - معرف رقم الضبط
- حقل الضبط: OSt
005 - تاريخ ووقت أخر عملية
- حقل الضبط: 20220629152201.0
008 - عناصر بيانات ثابتة الطول
- حقل تحكم ثابت الطول: 220629|| aca||aabn | a|a d
040 ## - مصدر الفهرسة
- هيئة الفهرسة الأصلية: OSt
- وكالة الكتابة: OSt
100 ## - مدخل -- أسم شخص
- إسم شخص: الاعرجي، نبيل هاشم.
670 ## - بيانات المصدر موجوده
- الاستشهاد بالمصدر: Work cat.: (OSt): الاعرجي، نبيل هاشم., الجودة في التعليم العالي / , 2015
